01368nam a2200169Ia 4500001001300000003001000013008004100023040002500064041000700089100003400096245006600130250001100196260003300207300001200240500090800252650003801160b5351-35443 IT-MiCISF161014s9999||||xx |||||||||||||| ||und|| aIT-MiCISFcIT-MiCISF ait aCociglio Giovanni (a cura di) 0aIl manuale del consulente sessualebVolume I. La sessualità a1a ed. a MilanobFranco Angelic2002 app. 687 acon la collaborazione di Armentaro G., Baietto C. / sessualità, consulenza, consulenti, case-studies, teoria / L'impostazione del testo è prettamente scientifica. Viene presentata la sessualità umana secondo vari rami del sapere (storia, biologia, etologia, psicologia, antropologia, sociologia, filosofia) e quindi descritta, attraverso un notevole lavoro integrativo interdisciplinare, nei suoi elementi costitutivi (funzione erotica, desiderio, piacere, amore) e nel suo processo trasformativo nell'arco della vita. Si tratta di conoscenze preliminari di sessuologia generale, non ancora direttamente cliniche, ma correlate alla clinica tramite la selezione delle informazioni teoriche utili al consulente sessuale e tramite l'applicazione della teoria alla pratica professionale. Per questo, ogni capitolo è dotato dei rispettivi paragrafi: "Implicazioni nella consulenza" e "Caso clinico".  a Sessualità / sessualitàe005